00958nam a2200205 4500003000800000005001700008008004100025040002600066041000800092092002500100100003700125245024800162260003500410300001700445502013700462504004200599830008100641942001300722999001700735DO-SdUA20250325093547.0 s2024 dr a|| |||| 0 |a||0|spa d aDO-SdUAbspacDO-SdUA0 aspa aMA-EFD 0002 FCE 20241 aGómez Beltré, Jhonny Alberto13aEl Juego y su incidencia en la educación física adaptada e inclusiva en estudiantes de aula específica en la Escuela Primaria Yvelisse Prats Ramírez, Distrito Educativo 04-06, año escolar 2023-2024 /cJhonny Alberto Gómez Beltré. aSanto Domingo :bUASD, c2024. a77 h. :bil. a Tesis y trabajo de grado (Maestría en Geografía para Educadores)--Universidad Autónoma de Santo Domingo, Santo Domingo, 2024. aIncluye referencias bibliográficas. aTesis y disertaciones académicas (Universidad Autónoma de Santo Domingo) 2clcTn0 c13323d13323